000 00561nam a2200181 i 4500
001 92087
003 ES-MaACL
005 20230906180909.0
007 t|
008 050221s1964 sp ||||1| spa d
100 1 _aLeydhecker, Wolfrang.
_972100
245 1 3 _aEl glaucoma en la práctica /
_cpor Wolfrang Leydhecker; versión española: J. Rutllán y E. Luther.
260 _aBarcelona :
_bToray,
_c1964.
300 _aXIV, 130 p. :
_bil. ;
_c22 cm.
700 1 _aRutllán, J.
_9101072
700 1 _aLuther, E.
_974870
852 _aES-MaACL
_jC-25912
_bR.54595
999 _c92087
_d92087